000 00689nam a2200193 a 4500
008 120416s1975 ||||||||||||||||| || u
020 _a0138221065
050 _aTK 7871.85 Dri
100 _aCoughlin, Robert F
245 1 0 _aSolid State devices and applications
260 _aEnglewood Cliffs, N.J.:
_bFT Prentice-Hall
_c1975
300 _axiv, 475p. : ill
350 _a0.00
500 _aBibliography: p. 462-464.
650 _aSEMICONDUCTORS
650 _aTRANSISTOR CIRCUITS
700 _aDriscoll, Frederick F., 1943-
995 _D0.00
_FCBU-MAIN LIBRARY (Kitwe)
_H1
_I10.55
_UAVAILABLE
_ZAnnex Low-Usage Collection
999 _c57881
_d57881